书目信息 |
| 题名: |
舞台灯光
|
|
| 作者: | 沃尔特斯 , Walters 著 ;许彤 译 | |
| 分册: | ||
| 出版信息: | 北京 中国纺织出版社 2000 |
|
| 页数: | 143页 | |
| 开本: | 25cm | |
| 丛书名: | 中央戏剧学院舞台美术教学丛书 | |
| 单 册: | ||
| 中图分类: | J814.4 | |
| 科图分类: | ||
| 主题词: | 舞台灯光--高等学校--教学参考资料 , 舞台灯光 | |
| 电子资源: | ||
| ISBN: | 7-5064-1750-2 | |
| 000 | 01283oam2 2200301 450 | |
| 001 | 1254784690 | |
| 005 | 20121019151341.81 | |
| 010 | @a7-5064-1750-2@dCNY88 | |
| 100 | @a20000810d2000 em y0chiy0110 ea | |
| 101 | 1 | @achi@ceng |
| 102 | @aCN@b110000 | |
| 105 | @aa z 001yy | |
| 200 | 1 | @a舞台灯光@Awu tai deng guang@e一本指导如何运用灯光来创造舞台艺术效果的书@f(英)格雷厄姆·沃尔特斯(Graham Walters)著@g许彤译 |
| 210 | @a北京@c中国纺织出版社@d2000 | |
| 215 | @a143页@d25cm | |
| 225 | 2 | @a中央戏剧学院舞台美术教学丛书 |
| 314 | @a格雷厄姆·沃尔特斯(Graham Walters),资深舞台灯光设计师、作家和教师。著有《舞台灯光》等。 | |
| 330 | @a本书全面介绍了舞台灯光设计的理论和技巧。从古希腊和古罗马户外圆形大剧场到今天的剧院,追溯了剧场灯光的历史与发展过程。书中还包括了现代剧场的安装与运作,剧场各部位的名称与位置,室内演出空间的不同形式,以及剧场各个职员的职能等。同时还介绍了剧场中的电学知识、安全用电及应用。 | |
| 461 | 0 | @12001 @a中央戏剧学院舞台美术教学丛书 |
| 510 | 1 | @aStage lighting step by step@zeng |
| 606 | 0 | @a舞台灯光@x高等学校@x教学参考资料 |
| 606 | 0 | @a舞台灯光 |
| 690 | @aJ814.4@v4 | |
| 701 | 1 | @a沃尔特斯@Awo er te si@bG.@4著 |
| 701 | 1 | @aWalters@bGraham@4著 |
| 702 | 0 | @a许彤@Axu tong@4译 |
| 801 | 0 | @aCN@bNLC@c20101222 |
| 905 | @a10447@dJ814.4@eJY5 | |
| 舞台灯光:一本指导如何运用灯光来创造舞台艺术效果的书/(英)格雷厄姆·沃尔特斯(Graham Walters)著/许彤译.-北京:中国纺织出版社,2000 |
| 143页;25cm.-(中央戏剧学院舞台美术教学丛书) |
| ISBN 7-5064-1750-2:CNY88 |
| 本书全面介绍了舞台灯光设计的理论和技巧。从古希腊和古罗马户外圆形大剧场到今天的剧院,追溯了剧场灯光的历史与发展过程。书中还包括了现代剧场的安装与运作,剧场各部位的名称与位置,室内演出空间的不同形式,以及剧场各个职员的职能等。同时还介绍了剧场中的电学知识、安全用电及应用。 |
| ● |
| 相关链接 |
|
|
|
|
正题名:舞台灯光
索取号:J814.4/JY5
 
预约/预借
| 序号 | 登录号 | 条形码 | 馆藏地/架位号 | 状态 | 备注 |
| 1 | 7834018 | 278340181 | 学院路分馆/ [索取号:J814.4/JY5] | 在馆 | |
| 2 | 7834019 | 278340190 | 学院路分馆/ [索取号:J814.4/JY5] | 在馆 |